[Event "8th Gibraltar U16-Junior 2018"]
[Site "Caleta"]
[Date "2018.08.17"]
[Round "1"]
[White "Chouki, Aali"]
[Black "Ifalore, Michael"]
[Result "0-1"]
[WhiteElo "1413"]
[BlackElo "1881"]
[Annotator "NA RC"]
[PlyCount "36"]
[EventDate "2018.08.17"]
[EventType "swiss"]
[EventCountry "GGB"]
[SourceTitle "playchess.com"]
[Source "ChessBase"]
[SourceQuality "1"]
[TimeControl "6600+10"]

1. e4 {[%emt 0:00:00]} e5 {[%emt 0:00:00]} 2. Bc4 {[%emt 0:00:04]} Nf6 {[%emt 0:00:01]} 3. d3 {[%emt 0:00:20]} Nc6 {[%emt 0:00:04]} 4. Nf3 {[%emt 0:00:21]} Be7 {[%emt 0:00:07]} 5. c3 {[%emt 0:00:51]} O-O {[%emt 0:00:07]} 6. Nbd2 {[%emt 0:00:25]} d6 {[%emt 0:00:06]} 7. Nf1 {[%emt 0:01:56]} a6 {[%emt 0:03:25]} 8. Bb3 {[%emt 0:02:47]} Na5 {[%emt 0:03:40]} 9. Bc2 {[%emt 0:01:58]} c5 {[%emt 0:01:26]} 10. Ng3 {[%emt 0:08:05]} Nc6 {[%emt 0:01:46]} 11. O-O {[%emt 0:02:53]} Re8 {[%emt 0:01:46]} 12. h3 {[%emt 0:05:42]} Qc7 {[%emt 0:06:35]} 13. Nh4 {[%emt 0:25:23]} Nxe4 {[%emt 0:02:06]} 14. Nxe4 {[%emt 0:28:55]} Bxh4 {[%emt 0:00:11]} 15. f4 {[%emt 0:16:10]} Be7 {[%emt 0:04:48]} 16. fxe5 {[%emt 0:07:36]} Nxe5 {[%emt 0:00:26]} 17. d4 {[%emt 0:05:41]} Ng6 {[%emt 0:00:08]} 18. Qf3 {[%emt 0:01:07]} Be6 {[%emt 0:01:15]} 0-1

[Event "8th Gibraltar U16-Junior 2018"]
[Site "Caleta"]
[Date "2018.08.17"]
[Round "1"]
[White "Seleznev, Egor"]
[Black "Samworth Calvier, Juju"]
[Result "1/2-1/2"]
[WhiteElo "1388"]
[BlackElo "1816"]
[Annotator "NA RC"]
[PlyCount "196"]
[EventDate "2018.08.17"]
[EventType "swiss"]
[EventCountry "GGB"]
[SourceTitle "playchess.com"]
[Source "ChessBase"]
[SourceQuality "1"]
[TimeControl "6600+10"]

1. d4 {[%emt 0:00:00]} e6 {[%emt 0:00:00]} 2. Nf3 {[%emt 0:00:11]} f5 {[%emt 0:00:23]} 3. c4 {[%emt 0:01:20]} Nf6 {[%emt 0:00:19]} 4. Nc3 {[%emt 0:00:37]} Bb4 {[%emt 0:00:51]} 5. Bg5 {[%emt 0:00:57]} O-O {[%emt 0:01:06]} 6. e3 {[%emt 0:00:47]} b6 {[%emt 0:01:43]} 7. Bd3 {[%emt 0:00:58]} Bb7 {[%emt 0:00:58]} 8. O-O {[%emt 0:01:12]} Qe8 {[%emt 0:02:52]} 9. Nd2 {[%emt 0:04:35]} Qg6 {[%emt 0:02:20]} 10. Nf3 {[%emt 0:04:49]} Ne4 {[%emt 0:04:31]} 11. Bf4 {[%emt 0:05:43]} Bxc3 {[%emt 0:02:14]} 12. Bxe4 {[%emt 0:02:06]} Bxe4 {[%emt 0:02:13]} 13. bxc3 {[%emt 0:00:54]} d6 {[%emt 0:00:42]} 14. Bg3 {[%emt 0:01:36]} Nd7 {[%emt 0:04:01]} 15. Ne1 {[%emt 0:02:43]} e5 {[%emt 0:02:52]} 16. f3 {[%emt 0:02:03]} Bb7 {[%emt 0:00:16]} 17. Nd3 {[%emt 0:02:06]} Qe6 {[%emt 0:11:42]} 18. Qb3 {[%emt 0:03:28]} a5 {[%emt 0:08:05]} 19. a4 {[%emt 0:03:02]} Ba6 {[%emt 0:00:37]} 20. Nb2 {[%emt 0:02:14]} Rae8 {[%emt 0:06:54]} 21. Rfe1 {[%emt 0:03:53]} h5 {[%emt 0:05:59]} 22. e4 {[%emt 0:05:08]} Kh8 {[%emt 0:04:51]} 23. Rad1 {[%emt 0:04:57]} fxe4 {[%emt 0:08:31]} 24. Rxe4 {[%emt 0:02:47]} Nf6 {[%emt 0:00:06]} 25. Re3 {[%emt 0:03:02]} Qf5 {[%emt 0:03:14]} 26. Bf2 {[%emt 0:04:20]} e4 {[%emt 0:04:50]} 27. Qc2 {[%emt 0:07:38]} d5 {[%emt 0:12:58]} 28. Bg3 {[%emt 0:05:47]} dxc4 {[%emt 0:04:19]} 29. Be5 {[%emt 0:06:17]} Nd5 {[%emt 0:04:24]} 30. Rxe4 {[%emt 0:02:03]} Ne3 {[%emt 0:00:26]} 31. Qd2 {[%emt 0:01:52]} Nxd1 {[%emt 0:00:22]} 32. Nxd1 {[%emt 0:00:13]} Bb7 {[%emt 0:01:28]} 33. Ne3 {[%emt 0:02:10]} Qg5 {[%emt 0:00:48]} 34. f4 {[%emt 0:02:16]} Qg6 {[%emt 0:01:29]} 35. f5 {[%emt 0:02:01]} Rxf5 {[%emt 0:01:37]} 36. Bxg7+ {[%emt 0:03:28]} Kxg7 {[%emt 0:00:01]} 37. Nxf5+ {[%emt 0:01:11]} Kf8 {[%emt 0:00:12]} 38. Rxe8+ {[%emt 0:01:23]} Qxe8 {[%emt 0:02:11]} 39. Qh6+ {[%emt 0:01:10]} Kf7 {[%emt 0:00:01]} 40. Qxh5+ {[%emt 0:01:17]} Kf8 {[%emt 0:00:01]} 41. Qxe8+ {[%emt 0:02:37]} Kxe8 {[%emt 0:00:01]} 42. Ne3 {[%emt 0:00:32]} Bc6 {[%emt 0:00:02]} 43. Nxc4 {[%emt 0:00:29]} Bxa4 {[%emt 0:00:02]} 44. Kf2 {[%emt 0:00:38]} Ke7 {[%emt 0:00:55]} 45. Ke3 {[%emt 0:01:37]} Ke6 {[%emt 0:00:12]} 46. g4 {[%emt 0:01:45]} Bd1 {[%emt 0:00:53]} 47. h3 {[%emt 0:01:16]} Kd5 {[%emt 0:00:00]} 48. Na3 {[%emt 0:00:35]} c5 {[%emt 0:00:39]} 49. c4+ {[%emt 0:00:23]} Kd6 {[%emt 0:00:11]} 50. Nb5+ {[%emt 0:00:46]} Ke6 {[%emt 0:00:25]} 51. dxc5 {[%emt 0:00:21]} bxc5 {[%emt 0:00:01]} 52. Kf4 {[%emt 0:00:19]} Be2 {[%emt 0:00:17]} 53. Na3 {[%emt 0:00:13]} Kf6 {[%emt 0:00:02]} 54. h4 {[%emt 0:00:06]} a4 {[%emt 0:00:57]} 55. h5 {[%emt 0:00:28]} Kg7 {[%emt 0:00:27]} 56. Kg5 {[%emt 0:00:55]} Kf7 {[%emt 0:00:23]} 57. Kf5 {[%emt 0:00:49]} Kg7 {[%emt 0:00:09]} 58. Kg5 {[%emt 0:00:23]} Kf7 {[%emt 0:00:03]} 59. h6 {[%emt 0:00:05]} Bd3 {[%emt 0:00:02]} 60. Kf4 {[%emt 0:00:26]} Kg6 {[%emt 0:00:26]} 61. g5 {[%emt 0:00:06]} Kf7 {[%emt 0:00:01]} 62. Ke5 {[%emt 0:00:12]} Kg6 {[%emt 0:00:28]} 63. Kd5 {[%emt 0:00:37]} Kxg5 {[%emt 0:00:01]} 64. h7 {[%emt 0:00:14]} Bxh7 {[%emt 0:00:02]} 65. Kxc5 {[%emt 0:00:02]} Be4 {[%emt 0:00:05]} 66. Kb4 {[%emt 0:00:08]} Kf6 {[%emt 0:00:27]} 67. Kxa4 {[%emt 0:00:11]} Ke6 {[%emt 0:00:07]} 68. Ka5 {[%emt 0:00:07]} Kd7 {[%emt 0:00:03]} 69. Kb6 {[%emt 0:00:09]} Bg2 {[%emt 0:00:14]} 70. Nc2 {[%emt 0:00:15]} Be4 {[%emt 0:00:06]} 71. Nb4 {[%emt 0:00:12]} Bf3 {[%emt 0:00:15]} 72. c5 {[%emt 0:00:06]} Be4 {[%emt 0:00:07]} 73. Na2 {[%emt 0:00:07]} Bc6 {[%emt 0:00:14]} 74. Nc3 {[%emt 0:00:10]} Bf3 {[%emt 0:00:05]} 75. Nb5 {[%emt 0:00:23]} Bg2 {[%emt 0:00:06]} 76. Nd4 {[%emt 0:00:12]} Bd5 {[%emt 0:00:05]} 77. Ne2 {[%emt 0:00:21]} Bf3 {[%emt 0:00:10]} 78. Nf4 {[%emt 0:00:04]} Bh1 {[%emt 0:00:08]} 79. Ng6 {[%emt 0:00:10]} Bg2 {[%emt 0:00:07]} 80. Ne5+ {[%emt 0:00:06]} Ke6 {[%emt 0:00:14]} 81. Nd3 {[%emt 0:00:13]} Kd7 {[%emt 0:00:08]} 82. Nf4 {[%emt 0:00:10]} Bh1 {[%emt 0:00:02]} 83. Kb5 {[%emt 0:00:08]} Ba8 {[%emt 0:00:11]} 84. Kc4 {[%emt 0:00:10]} Bh1 {[%emt 0:00:03]} 85. Kd4 {[%emt 0:00:10]} Kc6 {[%emt 0:00:05]} 86. Nd3 {[%emt 0:00:05]} Kd7 {[%emt 0:00:04]} 87. Nf2 {[%emt 0:00:19]} Bg2 {[%emt 0:00:04]} 88. Nd3 {[%emt 0:00:12]} Bh1 {[%emt 0:00:03]} 89. Nb4 {[%emt 0:00:13]} Bg2 {[%emt 0:00:05]} 90. Nc2 {[%emt 0:00:05]} Bh1 {[%emt 0:00:04]} 91. Ne3 {[%emt 0:00:09]} Bb7 {[%emt 0:00:05]} 92. Kc4 {[%emt 0:00:07]} Ba8 {[%emt 0:00:10]} 93. Kb5 {[%emt 0:00:06]} Be4 {[%emt 0:00:04]} 94. Kb6 {[%emt 0:00:10]} Bh1 {[%emt 0:00:04]} 95. Nc4 {[%emt 0:00:07]} Bg2 {[%emt 0:00:11]} 96. Ne5+ {[%emt 0:00:02]} Kc8 {[%emt 0:00:03]} 97. Nc6 {[%emt 0:00:04]} Kd7 {[%emt 0:00:06]} 98. Nb4 {[%emt 0:00:15]} Bh1 {[%emt 0:00:05]} 1/2-1/2

[Event "8th Gibraltar U16-Junior 2018"]
[Site "Caleta"]
[Date "2018.08.17"]
[Round "1"]
[White "Gough, Theo"]
[Black "Kirupakaran, Vishnu"]
[Result "0-1"]
[WhiteElo "1346"]
[BlackElo "1786"]
[Annotator "NA RC"]
[PlyCount "88"]
[EventDate "2018.08.17"]
[EventType "swiss"]
[EventCountry "GGB"]
[SourceTitle "playchess.com"]
[Source "ChessBase"]
[SourceQuality "1"]
[TimeControl "6600+10"]

1. d4 {[%emt 0:00:00]} d5 {[%emt 0:00:00]} 2. c4 {[%emt 0:00:00]} c6 {[%emt 0:00:00]} 3. Nf3 {[%emt 0:00:04]} Nf6 {[%emt 0:00:00]} 4. e3 {[%emt 0:00:29]} e6 {[%emt 0:00:45]} 5. b3 {[%emt 0:00:21]} Nbd7 {[%emt 0:00:12]} 6. Bb2 {[%emt 0:00:50]} Bd6 {[%emt 0:00:09]} 7. Nbd2 {[%emt 0:00:36]} O-O {[%emt 0:00:14]} 8. Bd3 {[%emt 0:00:28]} b6 {[%emt 0:00:12]} 9. O-O {[%emt 0:00:54]} Bb7 {[%emt 0:00:08]} 10. Ne5 {[%emt 0:00:28]} c5 {[%emt 0:02:21]} 11. f4 {[%emt 0:01:42]} Ne4 {[%emt 0:18:31]} 12. Qc2 {[%emt 0:10:18]} Ndf6 {[%emt 0:12:55]} 13. Rad1 {[%emt 0:12:01]} Qe7 {[%emt 0:04:09]} 14. Nxe4 {[%emt 0:11:44]} dxe4 {[%emt 0:04:38]} 15. Be2 {[%emt 0:01:21]} Rfd8 {[%emt 0:04:35]} 16. a4 {[%emt 0:28:29]} Qc7 {[%emt 0:09:31]} 17. Qc3 {[%emt 0:05:49]} cxd4 {[%emt 0:10:58]} 18. exd4 {[%emt 0:05:33]} Rac8 {[%emt 0:05:51]} 19. g3 {[%emt 0:13:19]} Ne8 {[%emt 0:12:44]} 20. Bg4 {[%emt 0:06:37]} Qe7 {[%emt 0:04:49]} 21. d5 {[%emt 0:01:49]} f5 {[%emt 0:04:28]} 22. Bh5 {[%emt 0:04:50]} exd5 {[%emt 0:09:31]} 23. Nf7 {[%emt 0:00:30]} Bc5+ {[%emt 0:01:41]} 24. Kg2 {[%emt 0:00:52]} d4 {[%emt 0:00:42]} 25. Qe1 {[%emt 0:01:10]} e3+ {[%emt 0:01:41]} 26. Kh3 {[%emt 0:00:04]} e2 {[%emt 0:02:35]} 27. Nxd8 {[%emt 0:00:40]} exf1=Q+ {[%emt 0:00:54]} 28. Qxf1 {[%emt 0:00:05]} Rxd8 {[%emt 0:00:08]} 29. Re1 {[%emt 0:00:22]} Qf6 {[%emt 0:00:16]} 30. Qe2 {[%emt 0:01:31]} g6 {[%emt 0:00:08]} 31. Bf3 {[%emt 0:00:22]} Bxf3 {[%emt 0:00:07]} 32. Qxf3 {[%emt 0:00:02]} Qf7 {[%emt 0:00:15]} 33. Rd1 {[%emt 0:00:31]} Nf6 {[%emt 0:00:04]} 34. b4 {[%emt 0:01:04]} Bxb4 {[%emt 0:00:15]} 35. Rxd4 {[%emt 0:00:03]} Rxd4 {[%emt 0:00:09]} 36. Bxd4 {[%emt 0:00:02]} Ne4 {[%emt 0:00:08]} 37. Qb3 {[%emt 0:00:23]} Bc5 {[%emt 0:00:08]} 38. Bxc5 {[%emt 0:00:09]} Nxc5 {[%emt 0:00:02]} 39. Qc2 {[%emt 0:00:12]} Kg7 {[%emt 0:00:20]} 40. Qc3+ {[%emt 0:00:07]} Qf6 {[%emt 0:00:01]} 41. Qxf6+ {[%emt 0:00:11]} Kxf6 {[%emt 0:00:01]} 42. g4 {[%emt 0:00:10]} fxg4+ {[%emt 0:00:02]} 43. Kxg4 {[%emt 0:00:01]} Nxa4 {[%emt 0:00:01]} 44. h4 {[%emt 0:00:14]} Nb2 {[%emt 0:00:02]} 0-1

[Event "8th Gibraltar U16-Junior 2018"]
[Site "Caleta"]
[Date "2018.08.17"]
[Round "1"]
[White "Dhanwani, Aryan"]
[Black "Patel, Devan"]
[Result "0-1"]
[WhiteElo "1169"]
[BlackElo "1716"]
[Annotator "NA RC"]
[PlyCount "80"]
[EventDate "2018.08.17"]
[EventType "swiss"]
[EventCountry "GGB"]
[SourceTitle "playchess.com"]
[Source "ChessBase"]
[SourceQuality "1"]
[TimeControl "6600+10"]

1. e4 {[%emt 0:00:11]} Nc6 {[%emt 0:01:09]} 2. Nf3 {[%emt 0:01:28]} e5 {[%emt 0:00:51]} 3. Bc4 {[%emt 0:01:37]} Bc5 {[%emt 0:00:15]} 4. Nc3 {[%emt 0:03:11]} Nf6 {[%emt 0:00:40]} 5. d3 {[%emt 0:01:30]} O-O {[%emt 0:00:20]} 6. Bg5 {[%emt 0:01:00]} h6 {[%emt 0:01:52]} 7. Bh4 {[%emt 0:00:43]} Be7 {[%emt 0:01:06]} 8. d4 {[%emt 0:02:31]} exd4 {[%emt 0:04:27]} 9. Nxd4 {[%emt 0:00:26]} Nxe4 {[%emt 0:04:46]} 10. Nxc6 {[%emt 0:12:47]} bxc6 {[%emt 0:00:29]} 11. Bxe7 {[%emt 0:02:27]} Qxe7 {[%emt 0:00:02]} 12. O-O {[%emt 0:00:48]} Nxc3 {[%emt 0:03:02]} 13. bxc3 {[%emt 0:02:05]} d5 {[%emt 0:00:56]} 14. Re1 {[%emt 0:02:02]} Qf6 {[%emt 0:01:08]} 15. Bb3 {[%emt 0:01:37]} Qxc3 {[%emt 0:02:17]} 16. Re3 {[%emt 0:01:14]} Qf6 {[%emt 0:00:55]} 17. Rf3 {[%emt 0:01:01]} Qd6 {[%emt 0:00:33]} 18. Qd4 {[%emt 0:03:08]} Re8 {[%emt 0:02:04]} 19. Rg3 {[%emt 0:00:29]} Qe5 {[%emt 0:00:29]} 20. Qxe5 {[%emt 0:01:47]} Rxe5 {[%emt 0:00:39]} 21. Re3 {[%emt 0:01:55]} Rxe3 {[%emt 0:00:27]} 22. fxe3 {[%emt 0:00:06]} a5 {[%emt 0:00:47]} 23. Ba4 {[%emt 0:00:50]} Ra6 {[%emt 0:02:45]} 24. Rb1 {[%emt 0:00:35]} Rb6 {[%emt 0:00:36]} 25. Rxb6 {[%emt 0:00:23]} cxb6 {[%emt 0:00:07]} 26. Bxc6 {[%emt 0:00:04]} Be6 {[%emt 0:00:11]} 27. a3 {[%emt 0:03:12]} Kf8 {[%emt 0:00:09]} 28. Kf2 {[%emt 0:01:32]} Ke7 {[%emt 0:00:08]} 29. Ke2 {[%emt 0:00:55]} Kd6 {[%emt 0:00:11]} 30. Be8 {[%emt 0:00:45]} Kc5 {[%emt 0:00:26]} 31. a4 {[%emt 0:01:52]} Kc4 {[%emt 0:01:37]} 32. Kd2 {[%emt 0:01:07]} f6 {[%emt 0:01:07]} 33. h4 {[%emt 0:06:03]} Bc8 {[%emt 0:01:02]} 34. Bb5+ {[%emt 0:00:40]} Kc5 {[%emt 0:00:07]} 35. c3 {[%emt 0:03:31]} Bb7 {[%emt 0:02:23]} 36. g3 {[%emt 0:02:35]} Bc6 {[%emt 0:00:26]} 37. Bxc6 {[%emt 0:00:25]} Kxc6 {[%emt 0:00:07]} 38. Kc2 {[%emt 0:00:12]} Kc5 {[%emt 0:00:10]} 39. Kb3 {[%emt 0:00:33]} b5 {[%emt 0:00:05]} 40. axb5 {[%emt 0:01:51]} Kxb5 {[%emt 0:00:05]} 0-1

[Event "8th Gibraltar U16-Junior 2018"]
[Site "Caleta"]
[Date "2018.08.17"]
[Round "1"]
[White "Harbinson, Alec Ryan"]
[Black "Cortes Villa, Jaime"]
[Result "0-1"]
[WhiteElo "1043"]
[BlackElo "1700"]
[Annotator "NA RC"]
[PlyCount "56"]
[EventDate "2018.08.17"]
[EventType "swiss"]
[EventCountry "GGB"]
[SourceTitle "playchess.com"]
[Source "ChessBase"]
[SourceQuality "1"]
[TimeControl "6600+10"]

1. e4 {[%emt 0:00:00]} c5 {[%emt 0:00:01]} 2. Nf3 {[%emt 0:00:00]} a6 {[%emt 0:00:18]} 3. d4 {[%emt 0:00:20]} cxd4 {[%emt 0:00:08]} 4. Nxd4 {[%emt 0:00:01]} Nf6 {[%emt 0:00:09]} 5. Nc3 {[%emt 0:00:02]} e5 {[%emt 0:00:08]} 6. Nf3 {[%emt 0:00:17]} Bb4 {[%emt 0:00:07]} 7. Bd2 {[%emt 0:00:05]} d6 {[%emt 0:00:12]} 8. a3 {[%emt 0:01:10]} Bxc3 {[%emt 0:00:19]} 9. Bxc3 {[%emt 0:01:01]} Nxe4 {[%emt 0:00:20]} 10. Bd3 {[%emt 0:02:10]} Nxc3 {[%emt 0:00:13]} 11. bxc3 {[%emt 0:00:02]} f5 {[%emt 0:01:56]} 12. Bc4 {[%emt 0:02:14]} Qf6 {[%emt 0:01:56]} 13. Qd2 {[%emt 0:06:02]} Be6 {[%emt 0:04:38]} 14. Bxe6 {[%emt 0:14:57]} Qxe6 {[%emt 0:00:06]} 15. Rd1 {[%emt 0:00:10]} Nd7 {[%emt 0:24:27]} 16. Qxd6 {[%emt 0:04:04]} Qxd6 {[%emt 0:00:05]} 17. Rxd6 {[%emt 0:00:09]} Ke7 {[%emt 0:00:03]} 18. Rd2 {[%emt 0:02:38]} Rac8 {[%emt 0:01:16]} 19. Rd3 {[%emt 0:42:11]} Rc5 {[%emt 0:00:40]} 20. Kd2 {[%emt 0:02:26]} Nf6 {[%emt 0:01:05]} 21. h3 {[%emt 0:02:43]} Ne4+ {[%emt 0:38:11]} 22. Ke1 {[%emt 0:03:29]} Nxc3 {[%emt 0:00:20]} 23. Nd2 {[%emt 0:03:27]} e4 {[%emt 0:02:05]} 24. Rg3 {[%emt 0:01:07]} g6 {[%emt 0:00:28]} 25. Rg5 {[%emt 0:00:45]} Rd8 {[%emt 0:00:37]} 26. g4 {[%emt 0:01:27]} Rcd5 {[%emt 0:00:14]} 27. Rg1 {[%emt 0:05:00]} Rxd2 {[%emt 0:00:09]} 28. f3 {[%emt 0:00:52]} Re2+ {[%emt 0:00:07]} 0-1

[Event "8th Gibraltar U16-Junior 2018"]
[Site "Caleta"]
[Date "2018.08.17"]
[Round "1"]
[White "Jain, Anushree"]
[Black "Onslow, Teddy"]
[Result "0-1"]
[WhiteElo "1006"]
[BlackElo "1669"]
[Annotator "NA RC"]
[PlyCount "88"]
[EventDate "2018.08.17"]
[EventType "swiss"]
[EventCountry "GGB"]
[SourceTitle "playchess.com"]
[Source "ChessBase"]
[SourceQuality "1"]
[TimeControl "6600+10"]

1. e4 {[%emt 0:00:00]} e6 {[%emt 0:00:00]} 2. g3 {[%emt 0:00:27]} d5 {[%emt 0:00:10]} 3. d3 {[%emt 0:00:55]} dxe4 {[%emt 0:02:10]} 4. dxe4 {[%emt 0:00:59]} Qxd1+ {[%emt 0:00:07]} 5. Kxd1 {[%emt 0:01:02]} Bc5 {[%emt 0:00:46]} 6. f3 {[%emt 0:03:01]} b6 {[%emt 0:02:10]} 7. Nc3 {[%emt 0:00:54]} Bb7 {[%emt 0:01:31]} 8. Bf4 {[%emt 0:03:36]} Bd6 {[%emt 0:01:46]} 9. Nge2 {[%emt 0:05:37]} Nc6 {[%emt 0:02:01]} 10. Be3 {[%emt 0:03:36]} O-O-O {[%emt 0:00:39]} 11. Kc1 {[%emt 0:03:52]} Nge7 {[%emt 0:05:44]} 12. Nf4 {[%emt 0:03:53]} Ne5 {[%emt 0:03:41]} 13. Be2 {[%emt 0:03:45]} N7c6 {[%emt 0:10:11]} 14. b3 {[%emt 0:07:02]} Ba3+ {[%emt 0:06:51]} 15. Kb1 {[%emt 0:01:45]} a6 {[%emt 0:02:10]} 16. Nd3 {[%emt 0:04:33]} Nxd3 {[%emt 0:04:59]} 17. Bxd3 {[%emt 0:01:19]} Rd7 {[%emt 0:06:27]} 18. Bc1 {[%emt 0:03:56]} Be7 {[%emt 0:07:27]} 19. a3 {[%emt 0:06:30]} Nd4 {[%emt 0:04:25]} 20. Rd1 {[%emt 0:08:18]} Nxf3 {[%emt 0:03:38]} 21. Be3 {[%emt 0:07:51]} Bf6 {[%emt 0:04:10]} 22. Kb2 {[%emt 0:04:16]} Rhd8 {[%emt 0:03:20]} 23. Be2 {[%emt 0:05:24]} Rxd1 {[%emt 0:01:51]} 24. Bxd1 {[%emt 0:03:11]} Bxe4 {[%emt 0:01:50]} 25. Be2 {[%emt 0:04:04]} Bb7 {[%emt 0:01:57]} 26. Rf1 {[%emt 0:05:17]} Nd4 {[%emt 0:02:22]} 27. Kc1 {[%emt 0:02:02]} Nxe2+ {[%emt 0:03:54]} 28. Nxe2 {[%emt 0:00:30]} a5 {[%emt 0:02:30]} 29. h4 {[%emt 0:03:13]} Ba6 {[%emt 0:01:40]} 30. c4 {[%emt 0:01:44]} a4 {[%emt 0:11:16]} 31. bxa4 {[%emt 0:02:06]} Bxc4 {[%emt 0:00:09]} 32. Re1 {[%emt 0:01:13]} Rd3 {[%emt 0:01:45]} 33. Bg5 {[%emt 0:01:36]} Bxg5+ {[%emt 0:00:50]} 34. hxg5 {[%emt 0:00:15]} Re3 {[%emt 0:00:26]} 35. Kd2 {[%emt 0:01:30]} Rxe2+ {[%emt 0:00:06]} 36. Rxe2 {[%emt 0:00:07]} Bxe2 {[%emt 0:00:03]} 37. Kxe2 {[%emt 0:00:07]} Kb7 {[%emt 0:00:14]} 38. Kd2 {[%emt 0:01:17]} Ka6 {[%emt 0:00:07]} 39. Kc2 {[%emt 0:00:51]} Ka5 {[%emt 0:00:08]} 40. Kb2 {[%emt 0:00:01]} Kxa4 {[%emt 0:00:12]} 41. Ka2 {[%emt 0:00:05]} e5 {[%emt 0:00:05]} 42. Kb2 {[%emt 0:00:09]} e4 {[%emt 0:00:05]} 43. Kc1 {[%emt 0:00:14]} Kxa3 {[%emt 0:00:03]} 44. Kd1 {[%emt 0:00:07]} b5 {[%emt 0:00:05]} 0-1

[Event "8th Gibraltar U16-Junior 2018"]
[Site "Caleta"]
[Date "2018.08.17"]
[Round "2"]
[White "Garrido Outon, Alex"]
[Black "Cox, Ben"]
[Result "1-0"]
[WhiteElo "2119"]
[BlackElo "1466"]
[Annotator "TA"]
[PlyCount "71"]
[EventDate "2018.08.17"]
[EventType "swiss"]
[EventCountry "GGB"]
[SourceTitle "playchess.com"]
[Source "ChessBase"]
[SourceQuality "1"]

{[%evp 18,71,30,35,191,183,172,163,142,135,129,132,151,103,101,100,141,64,74,52,64,25,72,70,68,68,67,54,43,39,98,98,89,85,113,120,114,88,119,95,133,146,136,125,352,365,610,610,606,596,1283,1283,29997,29998,29998,29999]} 1. e4 c5 2. Nf3 d6 3. d4 cxd4 4. Nxd4 Nf6 5. Nc3 g6 6. Be3 Bg7 7. f3 Nc6 8. Qd2 O-O 9. O-O-O d5 10. Qe1 {LiveBook: 440 Games} Qa5 $2 {B76: Sicilian Dragon: Yugoslav Attack, 9 g4 and 9 0-0-0} ({Black should play} 10... e5 $14 11. Nxc6 bxc6) (10... e5 11. Nxc6 bxc6 12. exd5 Nxd5 13. Bc4 Be6 14. Kb1 Rb8 15. Ne4 Qc7 16. Bc5 Rfd8 17. g4 h6 18. Bb3 a5 19. Rg1 Rd7 20. h4 Rbd8 21. a4 Nf4 22. Rxd7 Rxd7 23. Bxe6 Nxe6 {½-½ (32) Anand,V (2776)-Nakamura,H (2787) Moscow 2018}) 11. Nb3 Qc7 12. exd5 Na5 {White is clearly better.} 13. Nb5 $146 ({Predecessor:} 13. Kb1 Nxb3 14. axb3 Bd7 15. Bd4 Rfe8 16. g4 e5 17. dxe6 Rxe6 18. Qf2 {1-0 (39) Fercec,N (2484)-Hromas,J (1914) Hum na Sutli 2013}) 13... Nxb3+ 14. axb3 Qd7 15. Bc5 Re8 16. Nc3 Qc7 17. Ba3 (17. Qf2 $16) 17... a6 $14 18. Kb1 b5 19. Qf2 Bb7 20. d6 exd6 21. Bxd6 Qc6 22. Be2 {[%cal Bf1e2,Be2d3,Bd3e4,Be4d5][%mdl 32]} Rac8 23. Bb4 Red8 (23... Qc7 $14) 24. Rxd8+ $16 Rxd8 25. Rd1 Nd5 26. Nxd5 Rxd5 27. Bd3 Bc8 28. Re1 $36 {[%mdl 2048] [#] And now Be4 would win. Keeping Black busy.} Re5 29. Be4 Qc7 30. Rd1 Bf8 $2 {[#]} (30... h6 $16 {was necessary.} 31. h3 Bf5) 31. Bc3 $1 $18 Re8 $2 (31... Be7 32. Bxe5 Qxe5) 32. Qd4 {[%csl Gc3][%cal Rd4h8]} f6 33. Bd5+ Be6 34. Qxf6 {Qh8+ would kill now.} Qc8 35. Qh8+ Kf7 36. Qxh7+ {Precision: White = 74%, Black = 18%.} 1-0

[Event "8th Gibraltar U16-Junior 2018"]
[Site "Caleta"]
[Date "2018.08.17"]
[Round "2"]
[White "Cuellar Montes, Alejandro"]
[Black "Lovell, William Pm"]
[Result "1-0"]
[WhiteElo "2074"]
[BlackElo "1783"]
[Annotator "NA RC"]
[PlyCount "67"]
[EventDate "2018.08.17"]
[EventType "swiss"]
[EventCountry "GGB"]
[SourceTitle "playchess.com"]
[Source "ChessBase"]
[SourceQuality "1"]
[TimeControl "6600+10"]

1. d4 {[%emt 0:00:00]} d5 {[%emt 0:00:00]} 2. c4 {[%emt 0:00:01]} dxc4 {[%emt 0:00:00]} 3. e4 {[%emt 0:00:05]} e5 {[%emt 0:00:08]} 4. Nf3 {[%emt 0:00:05]} Bb4+ {[%emt 0:00:48]} 5. Nc3 {[%emt 0:00:21]} c5 {[%emt 0:02:31]} 6. dxe5 {[%emt 0:11:13]} Bxc3+ {[%emt 0:03:47]} 7. bxc3 {[%emt 0:00:32]} Qxd1+ {[%emt 0:04:57]} 8. Kxd1 {[%emt 0:00:07]} b5 {[%emt 0:01:33]} 9. a4 {[%emt 0:01:10]} Bd7 {[%emt 0:00:41]} 10. axb5 {[%emt 0:00:19]} Bxb5 {[%emt 0:00:24]} 11. Nd2 {[%emt 0:03:56]} Nd7 {[%emt 0:02:09]} 12. Bxc4 {[%emt 0:01:11]} Bc6 {[%emt 0:00:23]} 13. e6 {[%emt 0:04:14]} fxe6 {[%emt 0:00:30]} 14. Bxe6 {[%emt 0:00:13]} Ngf6 {[%emt 0:00:24]} 15. f3 {[%emt 0:02:09]} Ne5 {[%emt 0:01:23]} 16. Kc2 {[%emt 0:17:50]} Ke7 {[%emt 0:01:05]} 17. Bb3 {[%emt 0:04:47]} Bb5 {[%emt 0:01:05]} 18. c4 {[%emt 0:02:00]} Bd7 {[%emt 0:01:15]} 19. Ra5 {[%emt 0:11:32]} Rhc8 {[%emt 0:00:37]} 20. Ba3 {[%emt 0:01:55]} Nc6 {[%emt 0:04:21]} 21. Bxc5+ {[%emt 0:03:57]} Ke8 {[%emt 0:00:46]} 22. Ra3 {[%emt 0:01:49]} Be6 {[%emt 0:02:57]} 23. Rha1 {[%emt 0:05:22]} Rc7 {[%emt 0:01:11]} 24. Ba4 {[%emt 0:01:10]} Nd7 {[%emt 0:01:06]} 25. Bxc6 {[%emt 0:03:02]} Rxc6 {[%emt 0:00:19]} 26. Bxa7 {[%emt 0:00:19]} Bxc4 {[%emt 0:00:33]} 27. Nxc4 {[%emt 0:00:20]} Rxc4+ {[%emt 0:00:02]} 28. Kd3 {[%emt 0:00:31]} Ne5+ {[%emt 0:00:31]} 29. Ke2 {[%emt 0:05:48]} Rc2+ {[%emt 0:00:19]} 30. Kf1 {[%emt 0:00:13]} Nc4 {[%emt 0:01:01]} 31. Rd3 {[%emt 0:12:32]} Ne5 {[%emt 0:02:03]} 32. Rdd1 {[%emt 0:01:26]} Nc4 {[%emt 0:01:29]} 33. Kg1 {[%emt 0:04:30]} Nb2 {[%emt 0:02:51]} 34. Bd4 {[%emt 0:03:23]} 1-0